[Event "Druzynowe Mistrzostwa Polski - II liga"]
[Site "Sypniewo k. Jastrowia"]
[Date "1899-12-30"]
[Round "1.53"]
[White "Powalka, Michal"]
[Black "Rams, Michal"]
[Result "1-0"]
[WhiteTitle "I++"]
[BlackTitle "k+"]
[WhiteElo "1970"]
[BlackElo "2131"]

1. e4 c5 2. Nf3 e6 3. d4 cxd4 4. Nxd4 Nc6 5. Nc3 Qc7 6. f4 a6 7. Nxc6 Qxc6 8. Bd3
b5 9. O-O Bb7 10. Qf3 Nf6 11. Re1 Rc8 12. Kh1 d6 13. Nd5 Be7 14. Nxe7 Kxe7 15.
f5 e5 16. Bg5 h6 17. Bh4 Qc5 18. Qg3 Rhg8 19. c3 g5 20. fxg6 fxg6 21. Bxf6+ Kxf6
22. Qh4+ Ke6 23. Rf1 Rcf8 24. Qxh6 Qc8 25. Bc2 1-0

[Event "Druzynowe Mistrzostwa Polski - II liga"]
[Site "Sypniewo k. Jastrowia"]
[Date "1899-12-30"]
[Round "1.54"]
[White "Bednarska-bzdega, Malgorzata"]
[Black "Bebnik, Malgorzata"]
[Result "1/2-1/2"]
[WhiteTitle "WFM"]
[BlackTitle "I++"]
[WhiteElo "1946"]
[BlackElo "1756"]

1. e4 c5 2. Nf3 Nc6 3. Nc3 d6 4. d4 cxd4 5. Nxd4 Nf6 6. Bg5 e6 7. Qd2 Be7 8. O-O-O
d5 9. exd5 Nxd5 10. Bxe7 Ncxe7 11. Bb5+ Bd7 12. Nxd5 Nxd5 13. c4 Rc8 14. Kb1 Bxb5
15. cxd5 Qxd5 16. Qb4 a6 17. Nxb5 Qxb5 18. Qd6 Qc6 19. Qb4 Qb5 20. Qd6 Qc6 21.
Qb4 Qb5 1/2-1/2

[Event "Druzynowe Mistrzostwa Polski - II liga"]
[Site "Sypniewo k. Jastrowia"]
[Date "1899-12-30"]
[Round "1.55"]
[White "Bebel, Arkadiusz"]
[Black "Laszewicz, Pawel"]
[Result "1-0"]
[WhiteTitle "FM"]
[BlackTitle "k"]
[WhiteElo "2294"]
[BlackElo "2108"]

1. Nf3 d5 2. g3 Bg4 3. Bg2 Nf6 4. O-O Nbd7 5. h3 Bh5 6. d3 e6 7. c4 c6 8. cxd5
exd5 9. Nc3 Be7 10. e4 dxe4 11. dxe4 Nc5 12. Qxd8+ Rxd8 13. Nh4 Bg6 14. Nf5 Bxf5
15. exf5 Nd3 16. Be3 a6 17. Rab1 O-O 18. Rfd1 Rfe8 19. a3 Ne5 20. Bd4 Bd6 21.
Na4 Ned7 22. b4 Be5 23. Bxe5 Nxe5 24. Nc5 Rb8 25. Rd4 b6 26. Nxa6 Rbc8 27. f4
Ned7 28. g4 Nb8 29. Nxb8 Rxb8 30. Bxc6 Re3 31. Rbd1 h6 32. R1d3 Re1+ 33. Kf2 Ra1
34. b5 Kh7 35. a4 Rc8 36. g5 Ng8 37. Re3 Rc7 38. Rde4 Ra7 39. Re8 R7xa4 40. g6+
fxg6 41. fxg6+ Kxg6 42. Rxg8 Rxf4+ 43. Rf3 Ra2+ 44. Kg3 Rb4 45. Rh8 Kg5 46. Re8
h5 47. h4+ Kh6 48. Rh8+ Kg6 49. Be8# 1-0

[Event "Druzynowe Mistrzostwa Polski - II liga"]
[Site "Sypniewo k. Jastrowia"]
[Date "1899-12-30"]
[Round "1.56"]
[White "Majocha, Piotr"]
[Black "Sowul, Bartosz"]
[Result "1/2-1/2"]
[WhiteTitle "I++"]
[BlackTitle "k+"]
[WhiteElo "1980"]
[BlackElo "2248"]

1. c4 c5 2. Nf3 Nc6 3. Nc3 g6 4. d4 cxd4 5. Nxd4 Bg7 6. Nxc6 bxc6 7. e4 d6 8. Be2
Nf6 9. O-O O-O 10. Be3 Nd7 11. Qd2 a5 12. Rab1 a4 13. b4 axb3 14. axb3 Re8 15.
b4 Ra3 16. Rfc1 c5 17. Nb5 Ra4 18. Rd1 cxb4 19. Rxb4 Qa5 20. Rxa4 Qxa4 21. Nc7
Rf8 22. Nd5 Re8 23. Nc7 Rf8 24. Nd5 Re8 25. Nc7 1/2-1/2

[Event "Druzynowe Mistrzostwa Polski - II liga"]
[Site "Sypniewo k. Jastrowia"]
[Date "1899-12-30"]
[Round "1.57"]
[White "Gluszko, Tomasz"]
[Black "Luba, Lukasz"]
[Result "1-0"]
[WhiteTitle "CM"]
[BlackTitle "k"]
[WhiteElo "2170"]
[BlackElo "2143"]

1. c4 e5 2. Nc3 Nf6 3. e3 Be7 4. Nf3 d6 5. d4 Nbd7 6. Bd3 O-O 7. Qc2 Re8 8. O-O
c6 9. b3 Qc7 10. Bb2 Nf8 11. h3 g6 12. Rad1 N6d7 13. Ne2 Ne6 14. c5 d5 15. Nxe5
Nxe5 16. dxe5 Nxc5 17. e4 dxe4 18. Bxe4 Nxe4 19. Qxe4 Bf5 20. Qf3 Rad8 21. Ng3
Be6 22. Ne4 Bd5 23. e6 fxe6 24. Nf6+ Bxf6 25. Qxf6 e5 26. Rfe1 Rd6 27. Qg5 Rde6
28. Rd2 Qe7 29. Qg3 Qb4 30. Rde2 Qf4 31. Qc3 Rf8 32. f3 Qg3 33. Rxe5 Rxf3 34.
Qd2 Rd3 35. Rxe6 Bxe6 36. Qe2 Qd6 37. Qxe6+ Qxe6 38. Rxe6 Rd2 39. Bc3 Rxa2 40.
Re7 b6 41. Rg7+ Kf8 42. Rxh7 c5 43. Be5 Ra3 44. Rg7 a5 45. Rxg6 Rxb3 46. Bc7 b5
47. Bxa5 b4 48. Rc6 Rb1+ 49. Kf2 b3 50. Rxc5 b2 51. Rb5 Ra1 52. Rxb2 Rxa5 53.
Rb7 Ra3 54. h4 Kg8 55. g3 Ra5 56. g4 Ra3 57. Re7 Kf8 58. Re3 Ra4 59. Kf3 Kf7 60.
Re4 Ra1 61. Kf4 Kf6 62. g5+ Kg6 63. Re6+ Kg7 64. Kg4 Ra8 65. Rb6 Ra7 66. Rb4 Kh7
67. Kh5 Rg7 68. Rb6 Ra7 69. Rb5 Rg7 70. Ra5 Rb7 71. g6+ Kh8 72. Kh6 Rb8 73. Kg5
Rb1 74. h5 Rb8 75. Re5 Kg7 76. Rf5 Kh8 77. h6 Rg8 78. Rd5 Re8 79. h7 Rb8 80. Kh6
Rb7 1-0

[Event "Druzynowe Mistrzostwa Polski - II liga"]
[Site "Sypniewo k. Jastrowia"]
[Date "1899-12-30"]
[Round "1.58"]
[White "Machlowski, Slawomir"]
[Black "Solnicki, Michal"]
[Result "0-1"]
[WhiteTitle "I+"]
[BlackTitle "k"]
[WhiteElo "2063"]
[BlackElo "2166"]

1. g3 d5 2. Nf3 Nf6 3. Bg2 g6 4. c4 c6 5. b3 Bg7 6. Bb2 O-O 7. O-O Re8 8. Qc2 Nbd7
9. Ne5 Nxe5 10. Bxe5 Bf5 11. d3 Nh5 12. Bxg7 Nxg7 13. cxd5 cxd5 14. Qc5 Ne6 15.
Qb4 Rc8 16. h3 a5 17. Qh4 Rc2 18. e4 g5 19. Qh6 dxe4 20. dxe4 Bg6 21. h4 Qd4 22.
h5 Qxa1 23. hxg6 hxg6 24. Na3 Rc1 25. Nc4 Rxf1+ 26. Bxf1 Rd8 27. Ne3 Qh8 28. Qxh8+
Kxh8 29. Nd5 Nc5 30. Nxe7 Rd2 31. e5 Rxa2 32. Bc4 Kg7 33. Nc8 b5 34. Bxb5 Nxb3
35. Nd6 Nd4 36. Bc4 Ra1+ 37. Kg2 Ne6 38. f3 Re1 39. Ne4 Rc1 40. Bb5 Rc2+ 41. Kh3
Nd4 42. Bd3 Rc1 43. Kg4 a4 44. Nd6 a3 45. Bc4 Rxc4 0-1

[Event "Druzynowe Mistrzostwa Polski - II liga"]
[Site "Sypniewo k. Jastrowia"]
[Date "1899-12-30"]
[Round "1.59"]
[White "Szwaj, Jacek"]
[Black "Szydelko, Michal"]
[Result "1/2-1/2"]
[WhiteTitle "I++"]
[BlackTitle "I+"]
[WhiteElo "1944"]
[BlackElo "1754"]

1. e4 e5 2. Nf3 Nf6 3. d4 Nxe4 4. dxe5 d5 5. Nbd2 Nxd2 6. Qxd2 Be7 7. Bd3 c5 8.
c4 Be6 9. Qc2 h6 10. O-O d4 11. Nd2 Nc6 12. f4 Nb4 13. Qb1 Nxd3 14. Qxd3 g6 15.
Qf3 Qd7 16. b3 Rc8 17. Ne4 Rc6 18. Bd2 h5 19. Rae1 Kd8 20. Nf2 Kc8 21. Ra1 f6
22. Nd3 Bf5 23. Rae1 Re6 24. exf6 Rxf6 25. a3 Bg4 26. Qf2 Bd6 27. Ne5 Qc7 28.
Qg3 Bf5 29. b4 Re6 30. Nd3 Rhe8 31. bxc5 Bxc5 32. Nb4 d3+ 33. Kh1 Bxb4 34. axb4
Rxe1 35. Rxe1 Rxe1+ 36. Qxe1 Qxc4 37. Qe8+ Kc7 38. Qe5+ Kd7 39. Qg7+ Kc6 40. Qf6+
Kd7 41. Qg7+ Kc6 42. Qf6+ Kc7 43. Qe5+ Kc8 44. Qh8+ Kd7 45. Qg7+ 1/2-1/2

[Event "Druzynowe Mistrzostwa Polski - II liga"]
[Site "Sypniewo k. Jastrowia"]
[Date "1899-12-30"]
[Round "1.60"]
[White "Trusz, Julia"]
[Black "Chrzaszcz, Malvina"]
[Result "1-0"]
[WhiteTitle "I++"]
[BlackTitle "k+"]
[WhiteElo "1659"]
[BlackElo "1996"]

1. d4 d5 2. c4 c6 3. Nf3 Nf6 4. Qc2 e6 5. Nbd2 Bd6 6. g3 O-O 7. Bg2 Nbd7 8. O-O
b5 9. cxd5 cxd5 10. e4 dxe4 11. Nxe4 Nxe4 12. Qxe4 Rb8 13. Ne5 Nf6 14. Qe2 Qb6
15. Rd1 Bb7 16. b3 Rfc8 17. Bb2 Rc7 18. Rac1 Rbc8 19. Bxb7 Qxb7 20. Rxc7 Rxc7
21. Rc1 Rxc1+ 22. Bxc1 Nd5 23. Bb2 a5 24. a3 Nc7 25. Qc2 Qd5 26. Nc6 b4 27. axb4
axb4 28. Nxb4 Bxb4 29. Qxc7 Qa5 30. Qxa5 Bxa5 31. Kf1 Kf8 32. Ba3+ Ke8 33. Ke2
Bc3 34. Kd3 Be1 35. f3 Kd7 36. Kc4 h5 37. b4 g5 38. b5 g4 39. fxg4 hxg4 40. Bc5
f5 41. d5 e5 42. Be3 Ba5 43. b6 f4 44. gxf4 exf4 45. Bxf4 Bxb6 46. Kd3 Ke7 47.
Be5 Kf7 48. Ke4 Kg6 49. Kf4 Kh5 50. Kf5 Kh4 51. d6 Kh3 52. d7 Bd8 53. Ke6 Bh4
54. Kf7 1-0

[Event "Druzynowe Mistrzostwa Polski - II liga"]
[Site "Sypniewo k. Jastrowia"]
[Date "1899-12-30"]
[Round "1.61"]
[White "Kozlowski, Michal"]
[Black "Borgula, Rafal"]
[Result "1/2-1/2"]
[WhiteTitle "I++"]
[BlackTitle "FM"]
[WhiteElo "2032"]
[BlackElo "2223"]

1. e4 e6 2. d4 d5 3. exd5 exd5 4. Bd3 Bd6 5. Ne2 Qh4 6. Nbc3 c6 7. Be3 Ne7 8. Qd2
h6 9. O-O-O Bf5 10. g3 Qf6 11. h3 Bxd3 12. Qxd3 Nd7 13. g4 O-O-O 14. f4 h5 15.
f5 hxg4 16. hxg4 g6 17. fxg6 Qxg6 18. Qxg6 Nxg6 19. Rxh8 Rxh8 20. Rf1 Rh7 21.
Nd1 Ndf8 22. c3 Ne6 23. Kd2 Kd7 24. Nf2 Rh2 25. Nd3 Ke8 26. Rf2 Nh4 27. Ne1 Rh1
28. Nd3 Ng6 29. b3 Rh4 30. Rg2 Rh2 31. Rxh2 Bxh2 1/2-1/2

[Event "Druzynowe Mistrzostwa Polski - II liga"]
[Site "Sypniewo k. Jastrowia"]
[Date "1899-12-30"]
[Round "1.62"]
[White "Paprocki, Jaroslaw"]
[Black "Kitewski, Bartosz"]
[Result "0-1"]
[WhiteTitle "k++"]
[BlackTitle "I"]
[WhiteElo "2186"]
[BlackElo "1807"]

1. d4 e6 2. c4 Nf6 3. Nf3 b6 4. a3 Bb7 5. Nc3 d5 6. cxd5 exd5 7. g3 Nbd7 8. Bg2
Be7 9. O-O O-O 10. Bf4 c6 11. Rc1 Re8 12. Ne5 Nxe5 13. dxe5 Nd7 14. e4 d4 15.
Qxd4 Bc5 16. Qa4 Nxe5 17. Rcd1 Qf6 18. h3 a5 19. Kh2 Ng6 20. e5 Nxe5 21. Ne4 Qe7
22. Bxe5 Qxe5 23. Nxc5 Qxc5 24. Rd7 Ba6 25. Qf4 Qc4 26. Qc7 g6 27. Rfd1 Rac8 28.
Qxb6 Rb8 29. Qxa5 Qb5 30. Qxb5 Bxb5 31. R1d2 Rec8 32. Re7 Bc4 33. Rc2 Be6 34.
b4 Ra8 35. b5 Kf8 36. Rb7 cxb5 37. Rxc8+ Rxc8 38. Rxb5 Rc2 39. Kg1 Rc1+ 40. Kh2
Rc2 41. f4 Ra2 42. Ra5 Bd7 43. Kg1 Ra1+ 44. Kf2 Ra2+ 45. Kg1 Ra1+ 46. Kh2 Ra2
47. Ra8+ Kg7 48. Ra6 Bb5 49. Rd6 Bf1 50. Kg1 Bxg2 51. h4 Bf3 52. Rd3 Rg2+ 53.
Kh1 Rxg3+ 54. Kh2 Rg2+ 55. Kh3 Ba8 56. Rd8 Bc6 57. a4 Ra2 58. h5 gxh5 59. Kh4
Rxa4 60. Kg5 Bf3 61. Rd3 Bg4 62. Rg3 h6+ 63. Kh4 Ra2 64. Rg1 Ra3 65. Rh1 Kf6 66.
Rh2 Kf5 67. Rh1 Rh3+ 68. Rxh3 Bxh3 69. Kxh5 Kxf4 70. Kxh6 Kg4 71. Kg7 f5 0-1

[Event "Druzynowe Mistrzostwa Polski - II liga"]
[Site "Sypniewo k. Jastrowia"]
[Date "1899-12-30"]
[Round "1.63"]
[White "Slawinski, Miroslaw"]
[Black "Zebracki, Tomasz"]
[Result "0-1"]
[WhiteTitle "k"]
[BlackTitle "k+"]
[WhiteElo "2035"]
[BlackElo "2223"]

1. d4 d5 2. Nf3 Nf6 3. Bf4 c5 4. e3 Nc6 5. c3 Qb6 6. Qe2 c4 7. Qd2 h6 8. Be2 Ne4
9. Qc1 g5 10. Bg3 h5 11. h3 Nxg3 12. fxg3 Qc7 13. Kf2 g4 14. hxg4 Bxg4 15. Nbd2
Bh6 16. Nf1 O-O-O 17. b3 Na5 18. Qa3 b6 19. Ne5 Kb8 20. bxc4 Nxc4 21. Bxc4 dxc4
22. Qa4 Rc8 23. Nd2 f6 24. Nef3 e5 25. Rhe1 Rhg8 26. Nf1 Rce8 27. d5 Qc5 28. Red1
f5 29. Rab1 f4 30. Rb5 fxe3+ 31. Ke2 Bd7 32. Rdb1 Bxb5 33. Rxb5 Qc7 34. Nxe3 Bxe3
35. Kxe3 Rxg3 36. Rxb6+ Qxb6+ 0-1

[Event "Druzynowe Mistrzostwa Polski - II liga"]
[Site "Sypniewo k. Jastrowia"]
[Date "1899-12-30"]
[Round "1.64"]
[White "Przybylski, Bartosz"]
[Black "Strepikowski, Pawel"]
[Result "0-1"]
[WhiteTitle "I"]
[BlackTitle "I"]
[WhiteElo "1667"]
[BlackElo "1773"]

1. e4 d6 2. d4 Nf6 3. Nc3 g6 4. f3 a6 5. Bc4 Bg7 6. Be3 O-O 7. Qd2 b5 8. Bb3 c6
9. Nge2 Nbd7 10. Rd1 Qc7 11. h4 a5 12. a3 b4 13. Nb1 c5 14. Bh6 a4 15. Bxg7 Kxg7
16. Ba2 Rb8 17. Qe3 h5 18. Nd2 Ba6 19. Bc4 cxd4 20. Qxd4 Bxc4 21. Nxc4 Rfc8 22.
Ne3 Qa5 23. O-O Ne5 24. f4 Nc6 25. Qd3 Qc5 26. Kh1 Na5 27. Rf3 bxa3 28. bxa3 Nc4
29. Nxc4 Qxc4 30. e5 dxe5 31. fxe5 Ng4 32. Rf4 Qxf4 33. Nxf4 Nf2+ 34. Kg1 Nxd3
35. Rxd3 Rd8 36. Rg3 Rd4 37. Nd3 Rc8 38. Nb4 Rxh4 39. Rd3 Re4 40. Rd5 Rc3 41.
Rd3 Rxd3 42. Nxd3 Rc4 0-1

[Event "Druzynowe Mistrzostwa Polski - II liga"]
[Site "Sypniewo k. Jastrowia"]
[Date "1899-12-30"]
[Round "1.65"]
[White "Taranowicz, Michal"]
[Black "Dolinski, Piotr"]
[Result "1-0"]
[WhiteTitle "I+"]
[BlackTitle "I"]
[WhiteElo "1855"]
[BlackElo "1677"]

1. e4 b6 2. d4 e6 3. Nf3 Bb7 4. Bd3 Bb4+ 5. c3 Be7 6. O-O d6 7. Qe2 Nd7 8. Nbd2
c5 9. e5 d5 10. Ne1 Qc7 11. f4 g6 12. a4 c4 13. Bc2 a6 14. Qf3 h5 15. b3 Nh6 16.
bxc4 dxc4 17. Qe2 Bd5 18. Ba3 Nf5 19. Bxe7 Kxe7 20. Nef3 h4 21. Rfb1 a5 22. Be4
Rh6 23. Bxd5 exd5 24. Rb5 Qc6 25. Ng5 Rah8 26. Re1 Nf8 27. Qf3 Ne6 28. Qxd5 Qxd5
29. Rxd5 Nxf4 30. Rb5 h3 31. g3 Nd3 32. Rf1 f6 33. exf6+ Kxf6 34. Nge4+ Ke7 35.
Nxc4 Rc8 36. Nxb6 Rc6 37. Rd1 Re6 38. Nd5+ Kd7 39. Rxd3 Kc6 40. Ndf6 Nd6 41. d5+
1-0

[Event "Druzynowe Mistrzostwa Polski - II liga"]
[Site "Sypniewo k. Jastrowia"]
[Date "1899-12-30"]
[Round "1.66"]
[White "Paprocka, Renata"]
[Black "Zarebska, Lena"]
[Result "1-0"]
[WhiteTitle "WFM"]
[BlackTitle "k"]
[WhiteElo "1914"]
[BlackElo "1910"]

1. d4 Nf6 2. Nf3 c5 3. d5 b5 4. c4 b4 5. g3 d6 6. Bg2 g6 7. Bf4 Bg7 8. Qc1 h6 9.
O-O g5 10. Be3 Bf5 11. h4 g4 12. Ne1 Nbd7 13. Bf4 Qb6 14. Nd2 a5 15. e4 Bg6 16.
Nd3 Nh5 17. Be3 Ne5 18. Nxe5 Bxe5 19. Rb1 Qb7 20. Re1 Qd7 21. Nf1 Bg7 22. Nh2
Nf6 23. Bf4 h5 24. Qd2 O-O-O 25. Rbd1 Qb7 26. a3 Nd7 27. f3 Ne5 28. Bxe5 Bxe5
29. f4 Bd4+ 30. Kh1 Qa6 31. axb4 axb4 32. Ra1 Qb7 33. Ra5 Kc7 34. e5 Bf5 35. Nf1
Ra8 36. Rb5 Qa6 37. Rxb4 cxb4 38. Qxd4 Kb8 39. Ne3 Bd7 40. e6 Rd8 41. exd7 Rxd7
42. Qh8+ Kc7 43. Qxh5 Qa2 44. Nd1 Qxc4 45. Qxg4 Qd4 46. Qf5 Qd2 47. Qe4 Ra1 48.
Bf3 f5 49. Qe3 Qc2 50. h5 Ra8 51. Qe2 Qc5 52. Ne3 Rf8 53. h6 Rf6 54. Nxf5 Rxf5
55. Bg4 Rf6 56. Bxd7 Rxh6+ 57. Kg2 Qxd5+ 58. Qe4 Qxe4+ 59. Rxe4 Kxd7 60. Rxb4
Rh8 61. Kf3 Ke6 62. g4 Rh3+ 63. Ke4 Rh1 64. Rb7 Rg1 65. Kf3 Rf1+ 66. Kg3 Rg1+
67. Kh4 Kf6 68. b4 Rh1+ 69. Kg3 Rg1+ 70. Kf3 Rf1+ 71. Ke3 Re1+ 72. Kf2 Rb1 73.
b5 Rb2+ 74. Ke3 Rb3+ 75. Ke4 Rb4+ 76. Kf3 Rb3+ 77. Kg2 e6 78. b6 d5 79. Rb8 Kg7
80. Kf2 Kh7 81. b7 Kg7 82. Ke2 Kh7 83. Kd2 Kg7 84. Kc2 Rb6 85. Kc3 Rb1 86. Kd4
Rb2 87. Kc5 Rb1 88. Kd6 d4 89. Kxe6 d3 90. Rd8 Rxb7 91. Rxd3 Rb6+ 92. Ke5 Rb7
93. Rd5 1-0

[Event "Druzynowe Mistrzostwa Polski - II liga"]
[Site "Sypniewo k. Jastrowia"]
[Date "1899-12-30"]
[Round "1.67"]
[White "Mickiewicz, Piotr"]
[Black "Golenia, Jan"]
[Result "1-0"]
[WhiteTitle "m"]
[BlackTitle "I++"]
[WhiteElo "2308"]
[BlackElo "2122"]

1. Nf3 Nf6 2. b3 e6 3. Bb2 b6 4. g3 Bb7 5. Bg2 Be7 6. c4 c5 7. O-O O-O 8. Nc3 d5
9. e3 Nc6 10. cxd5 exd5 11. d4 Re8 12. Rc1 Rc8 13. Qd3 c4 14. bxc4 Ba6 15. Rfd1
Bxc4 16. Qb1 b5 17. Ne5 b4 18. Nxd5 Bxd5 19. Nxc6 Rxc6 20. Rc2 Bxg2 21. Rxc6 Qb8
22. Rxf6 Qa8 23. Rf4 g5 24. d5 Bxd5 25. Qf5 f6 26. Rxd5 gxf4 27. Qe6+ Kf8 28.
Rf5 Rd8 29. e4 fxg3 30. Bxf6 gxf2+ 31. Rxf2 Rd1+ 32. Kg2 Bxf6 33. Rxf6+ 1-0

[Event "Druzynowe Mistrzostwa Polski - II liga"]
[Site "Sypniewo k. Jastrowia"]
[Date "1899-12-30"]
[Round "1.68"]
[White "Golenia, Wojciech"]
[Black "Maciaga, Marcin"]
[Result "1/2-1/2"]
[WhiteTitle "k"]
[BlackTitle "k+"]
[WhiteElo "2049"]
[BlackElo "2116"]

1. e4 c5 2. Nf3 Nc6 3. d4 cxd4 4. Nxd4 Nf6 5. Nc3 e5 6. Ndb5 d6 7. Bg5 a6 8. Na3
b5 9. Nd5 Be7 10. Bxf6 Bxf6 11. c4 b4 12. Nc2 a5 13. b3 O-O 14. g3 Bg5 15. Bg2
Ne7 16. O-O Nxd5 17. Qxd5 Be6 18. Qd3 Qb6 19. h4 Bd8 20. Ne3 Qc5 21. Rfd1 Ra6
22. Rd2 Bc7 23. Nd5 Bb8 24. Rad1 Ba7 25. Kh2 Re8 26. Bh3 Qc8 27. Bf5 Bc5 28. Qf3
Qd8 29. Qh5 g6 30. Qh6 Bxd5 31. Rxd5 Qe7 32. Bd7 Qxd7 33. Rxc5 Qa7 34. Rcd5 Qxf2+
35. Kh3 Qf3 36. Re1 Qf2 37. Qd2 Qxd2 38. Rxd2 Rc8 39. Red1 Rcc6 40. Rd5 f6 41.
Rf1 Kf7 42. Rd3 h5 43. Rdf3 d5 44. cxd5 Rc2 45. R1f2 Rc1 46. Rf1 Rc5 47. g4 hxg4+
48. Kxg4 Rc8 49. R1f2 Rd6 50. Rf1 Kg7 51. R1f2 Rc1 52. Rf1 Rc2 53. R1f2 Rc1 54.
Rf1 f5+ 55. exf5 gxf5+ 56. Rxf5 Rxf1 57. Rxf1 Rxd5 58. Rf2 a4 59. bxa4 Ra5 60.
Kf5 Rxa4 61. Kxe5 Ra3 62. Rb2 Kg6 63. Kd5 Kh5 64. Kc5 Ra4 65. Kb5 Ra8 66. Kxb4
Kxh4 67. a4 Kg4 68. Rf2 Rb8+ 69. Kc5 Ra8 70. Ra2 Kf5 71. a5 Ke6 72. Kc6 Rc8+ 73.
Kb7 Rc1 74. Rb2 Kd7 75. Rd2+ Ke7 76. Rb2 Kd7 77. a6 Rc7+ 78. Kb6 Rc6+ 79. Kb5
Kc7 80. Rh2 Rg6 81. Rc2+ Kb8 82. Rc5 Rg1 83. Kb6 Rb1+ 84. Rb5 1/2-1/2

[Event "Druzynowe Mistrzostwa Polski - II liga"]
[Site "Sypniewo k. Jastrowia"]
[Date "1899-12-30"]
[Round "1.69"]
[White "Krasiewicz, Robert"]
[Black "Krawczyk, Wojciech"]
[Result "1/2-1/2"]
[WhiteTitle "k+"]
[BlackTitle "I++"]
[WhiteElo "2050"]
[BlackElo "2049"]

1. c4 c5 2. Nf3 Nc6 3. g3 g6 4. Bg2 Bg7 5. O-O d6 6. Nc3 e5 7. d3 Nge7 8. a3 O-O
9. Rb1 a5 10. Bd2 Be6 11. Ng5 Bc8 12. Nd5 Nxd5 13. cxd5 Ne7 14. b4 cxb4 15. axb4
a4 16. e4 b5 17. Rc1 Bd7 18. Be3 h6 19. Nf3 f5 20. Ne1 f4 21. Bd2 g5 22. g4 Rc8
23. Rxc8 Qxc8 24. h3 h5 25. f3 Qc7 26. Nc2 Rc8 27. Na3 Qb6+ 28. Rf2 hxg4 29. hxg4
Ng6 30. Kf1 Qd4 31. Qb1 Bf6 32. Ke2 Bd8 33. Rf1 Nh4 34. Bh3 Qa7 35. Rc1 Rxc1 36.
Qxc1 Bb6 37. Nc2 Kf7 38. Bc3 Bg1 39. Be1 Ng6 40. Bf1 Bb6 41. Qb2 Qa8 42. Kd1 Qh8
43. Na3 Nh4 44. Bf2 Bxf2 45. Qxf2 Qc8 46. Kd2 Ke7 47. Be2 Qc7 48. Qg1 Kd8 49.
Nc2 Kc8 50. Qa1 Ng6 51. Qc3 1/2-1/2

[Event "Druzynowe Mistrzostwa Polski - II liga"]
[Site "Sypniewo k. Jastrowia"]
[Date "1899-12-30"]
[Round "1.70"]
[White "Gawor, Jan Pawel"]
[Black "Bugajski, Robert"]
[Result "1-0"]
[WhiteTitle "I+"]
[BlackTitle "FM"]
[WhiteElo "1890"]
[BlackElo "2047"]

1. e4 e6 2. d4 d5 3. Nc3 Bb4 4. e5 Ne7 5. a3 Bxc3+ 6. bxc3 c5 7. Qg4 cxd4 8. Qxg7
Rg8 9. Qxh7 Qc7 10. Qd3 Qxc3+ 11. Qxc3 dxc3 12. Ne2 Nbc6 13. Nxc3 Nxe5 14. f4
N5c6 15. Kf2 Nd4 16. Bd3 Bd7 17. h4 Rc8 18. Bd2 Nef5 19. h5 Nd6 20. h6 f5 21.
h7 Rh8 22. Be3 Nc6 23. Ne2 Kf7 24. Nd4 Kg6 25. g4 Ne4+ 26. Bxe4 fxe4 27. f5+ exf5
28. gxf5+ Bxf5 29. Rh6+ Kf7 30. Nxf5 Ne5 31. Nd6+ 1-0

[Event "Druzynowe Mistrzostwa Polski - II liga"]
[Site "Sypniewo k. Jastrowia"]
[Date "1899-12-30"]
[Round "1.71"]
[White "Seklecki, Jakub"]
[Black "Wrona, Florian"]
[Result "0-1"]
[WhiteTitle "I"]
[BlackTitle "I+"]
[WhiteElo "1527"]
[BlackElo "1581"]

1. c4 c5 2. Nc3 Nc6 3. g3 g6 4. Bg2 Bg7 5. Nf3 e5 6. d3 Nge7 7. O-O O-O 8. Ne1
d6 9. Nc2 Be6 10. Ne3 Rb8 11. Bd2 h6 12. Ned5 f5 13. Rb1 a5 14. a3 Kh7 15. e3
b6 16. Nb5 Qd7 17. Nbc3 Rfc8 18. Qa4 Qd8 19. b4 axb4 20. axb4 Bxd5 21. Nxd5 Nxd5
22. Bxd5 Nxb4 23. Bxb4 cxb4 24. Rxb4 f4 25. Qb3 fxe3 26. fxe3 Qg5 27. e4 Qe3+
28. Kg2 Rf8 29. Bf7 Rb7 30. c5 Rbxf7 31. Rxf7 Rxf7 32. cxd6 Qf2+ 33. Kh3 Qf1+
34. Kg4 h5+ 35. Kh4 Bf6# 0-1

[Event "Druzynowe Mistrzostwa Polski - II liga"]
[Site "Sypniewo k. Jastrowia"]
[Date "1899-12-30"]
[Round "1.72"]
[White "Czarnecka, Lidia"]
[Black "Andrzejewska, Anna"]
[Result "1/2-1/2"]
[WhiteTitle "k"]
[BlackTitle "WCM"]
[WhiteElo "1889"]
[BlackElo "1933"]

1. e4 e5 2. Nf3 Nc6 3. d4 exd4 4. Nxd4 Nf6 5. Nxc6 bxc6 6. e5 Qe7 7. Qe2 Nd5 8.
h4 d6 9. c4 Nb6 10. exd6 cxd6 11. Be3 Be6 12. Qc2 Qd7 13. Bd3 h6 14. Nd2 Be7 15.
O-O-O O-O 16. f3 c5 17. g4 d5 18. g5 h5 19. f4 Bg4 20. Rde1 Rfd8 21. Rhf1 dxc4
22. Be4 Nd5 23. Nxc4 Nb4 24. Qb3 Rab8 25. f5 Nd5 26. Qc2 Nb4 27. Qb3 Nd5 28. Qc2
Nb4 29. Qb3 Nd5 1/2-1/2

[Event "Druzynowe Mistrzostwa Polski - II liga"]
[Site "Sypniewo k. Jastrowia"]
[Date "1899-12-30"]
[Round "1.73"]
[White "Gierulski, Kamil"]
[Black "Karpus, Michal"]
[Result "1-0"]
[WhiteTitle "k++"]
[BlackTitle "FM"]
[WhiteElo "2270"]
[BlackElo "2179"]

1. e4 e5 2. Nf3 Nc6 3. Bc4 Nf6 4. d3 h6 5. c3 d6 6. Nbd2 g6 7. a4 Bg7 8. O-O O-O
9. Re1 Re8 10. h3 Be6 11. Bxe6 Rxe6 12. b4 a5 13. b5 Nb8 14. d4 Nbd7 15. Bb2 Qe8
16. Qc2 d5 17. dxe5 Nxe5 18. Nd4 Re7 19. Ba3 Rd7 20. f4 Nc4 21. exd5 Ne3 22. Qd3
Nfxd5 23. N2f3 c5 24. bxc6 bxc6 25. Bc5 Bf8 26. Bxf8 Qxf8 27. Rxe3 Nxe3 28. Qxe3
c5 29. Nb5 Rad8 30. Kh2 Re7 31. Qxc5 Rc8 32. Qd4 Rd8 33. Qf2 Qe8 34. Ne5 f6 35.
Ng4 Qf8 36. Qh4 h5 37. Nf2 Re2 38. Nd4 Re3 39. Nd1 Re4 40. Qg3 Kh7 41. Nf2 Ree8
42. Rb1 Rd7 43. Rb6 Qf7 44. Qf3 Rde7 45. Rd6 Qa2 46. Rxf6 Re3 47. Qc6 Qxf2 48.
Rf7+ Kh6 49. Nf5# 1-0

[Event "Druzynowe Mistrzostwa Polski - II liga"]
[Site "Sypniewo k. Jastrowia"]
[Date "1899-12-30"]
[Round "1.74"]
[White "Kukula, Pawel"]
[Black "Miasik, Adrian"]
[Result "1/2-1/2"]
[WhiteTitle "m"]
[BlackTitle "I++"]
[WhiteElo "2121"]
[BlackElo "1948"]

1. d4 d5 2. c4 e6 3. Nc3 c5 4. cxd5 exd5 5. Nf3 Nc6 6. Bf4 Nf6 7. e3 c4 8. Be2
Bd6 9. Bg5 Be7 10. O-O O-O 11. Ne5 Be6 12. f4 h6 13. Bxf6 Bxf6 14. Bf3 Bxe5 15.
fxe5 a6 16. b3 cxb3 17. axb3 Rc8 18. Rc1 Qg5 19. Qd2 Ne7 20. Ne2 Ng6 21. Nf4 Nxf4
22. exf4 Qe7 23. Qa5 Qd7 24. f5 Bxf5 25. Qxd5 Qxd5 26. Bxd5 Rxc1 27. Rxc1 Rd8
28. Bxb7 Rxd4 29. Bxa6 Be6 30. Bc4 Bxc4 31. Rxc4 Rd2 32. Re4 Rb2 33. b4 Kf8 34.
Rc4 Ke7 35. Rc7+ 1/2-1/2

[Event "Druzynowe Mistrzostwa Polski - II liga"]
[Site "Sypniewo k. Jastrowia"]
[Date "1899-12-30"]
[Round "1.75"]
[White "Babiarz, Arkadiusz"]
[Black "Pacuszka, Tomasz"]
[Result "0-1"]
[WhiteTitle "I++"]
[BlackTitle "FM"]
[WhiteElo "2000"]
[BlackElo "2186"]

1. e4 c6 2. d4 d5 3. e5 Bf5 4. Nd2 e6 5. Nb3 Nd7 6. Nf3 h6 7. Be2 a6 8. O-O Ne7
9. Ne1 c5 10. g4 Bh7 11. f4 Qc7 12. dxc5 Nxc5 13. Be3 Nxb3 14. axb3 h5 15. f5
hxg4 16. fxe6 fxe6 17. Bb5+ Kd8 18. Qxg4 Nf5 19. Bg5+ Kc8 20. Bd3 Kb8 21. Nf3
Bc5+ 22. Kg2 Ka7 23. Rfe1 Bg6 24. b4 Bb6 25. Nd4 Bxd4 26. Bxf5 Bxf5 27. Qxd4+
Qb6 28. Be3 Qxd4 29. Bxd4+ b6 30. b5 Kb7 31. bxa6+ Rxa6 32. Rxa6 Kxa6 33. Ra1+
Kb7 34. c3 g5 35. Ra4 Kc6 36. Ra7 g4 37. b4 Rb8 38. Kg3 Kb5 39. Rc7 Ka4 40. Rc6
b5 41. Rb6 Rh8 42. Kg2 Rh3 43. Kg1 Rd3 44. Ra6+ Kb3 45. Ra1 Be4 46. Rf1 Bf3 47.
Rf2 Kc4 48. Rc2 Rd1+ 49. Kf2 Kb3 0-1

[Event "Druzynowe Mistrzostwa Polski - II liga"]
[Site "Sypniewo k. Jastrowia"]
[Date "1899-12-30"]
[Round "1.76"]
[White "Krainski, Slawomir"]
[Black "Ciasnocha, Michal"]
[Result "0-1"]
[WhiteTitle "k"]
[BlackTitle "I++"]
[WhiteElo "2082"]
[BlackElo "1893"]

1. d4 d5 2. c4 c6 3. Nf3 Nf6 4. g3 Bf5 5. Nc3 e6 6. Nh4 Be4 7. f3 Bg6 8. Qb3 Qb6
9. e4 dxe4 10. Nxg6 hxg6 11. fxe4 Qxd4 12. Qxb7 Nxe4 13. Qc8+ Ke7 14. Nxe4 Qxe4+
15. Kf2 Qd4+ 16. Be3 Qd7 17. Qxd7+ Nxd7 18. Bg2 Ne5 19. Bd4 Nxc4 20. Rac1 Nb6
21. Rxc6 Rd8 22. Rc7+ Rd7 23. Rhc1 Kd8 24. Bxb6 axb6 25. Rc8+ Ke7 26. Kg1 Kf6
27. Rf1+ Kg5 28. h4+ Kh6 29. Kh2 Kh7 30. Bc6 Ra7 31. Ra8 Rxa8 32. Bxa8 Bc5 33.
Bc6 Rc8 34. Bd7 Rc7 35. Be8 Kg8 36. Re1 Kf8 37. Bb5 Ke7 38. Re2 Bd4 39. Kg2 Rc5
40. Bd3 Kd6 41. Be4 f5 42. Bc2 e5 43. h5 Ke6 44. hxg6 Kf6 45. g4 f4 46. Be4 Rc1
47. Rc2 Rg1+ 48. Kh3 Re1 49. Rc6+ Kg5 50. Bg2 Re3+ 51. Kh2 Kxg4 52. Rc7 e4 53.
Rc4 Rd3 54. Bxe4 Rd2+ 55. Kh1 Kg3 56. Rc1 Rh2# 0-1